Statistics for Whitney Houston - songs by albums

Click here to take the quiz!

General Stats

  • This quiz has been taken 130 times
  • The average score is 31 of 99

Answer Stats

HintAnswer% Correct
The Bodyguard (1992)I Will Always Love You
94%
Whitney (1987)I Wanna Dance with Somebody (Who Loves Me)
90%
Greatest Love of All
86%
I Look to You
82%
I Have Nothing
76%
I'm Your Baby Tonight (1990)I'm Your Baby Tonight
75%
My Love
75%
Saving All My Love for You
75%
How Will I Know
73%
My Love Is Your Love
73%
Waiting to Exhale (1995)Exhale (Shoop Shoop)
71%
My Love Is Your Love (1998)It's Not Right, But It's Okay
69%
I'm Every Woman
65%
Run to You
65%
Heartbreak Hotel
63%
Queen of the Night
61%
Didn't We Almost Have It All
59%
Where Do Broken Hearts Go
59%
All the Man That I Need
55%
My Name Is Not Susan
55%
So Emotional
55%
When You Believe
55%
I Look to You (2009)Million Dollar Bill
53%
Whitney Houston (1985)You Give Good Love
53%
All at Once
49%
Step by Step
45%
Miracle
43%
Love Will Save the Day
41%
One Wish (For Christmas)
41%
Whatchulookinat
39%
Count On Me
37%
I Learned from the Best
37%
The Preacher's Wife (1996)I Believe in You and Me
35%
Joy
35%
Try It on My Own
35%
Deck the Halls/Silent Night
33%
Why Does It Hurt So Bad
33%
Cantique de Nöel (O Holy Night)
31%
I Didn't Know My Own Strength
29%
Jesus Loves Me
29%
Joy to the World
27%
Joy to the World
27%
I Belong to You
24%
If I Told You That
24%
Just the Lonely Talking Again
24%
Love Is a Contact Sport
24%
For the Love of You
22%
Get It Back
22%
Just Whitney... (2002)One of Those Days
22%
One Wish: The Holiday Album (2003)The First Noel
22%
Where You Are
22%
Have Yourself a Merry Little Christmas
20%
Hold Me
20%
I Know Him So Well"
20%
In My Business
20%
Lover for Life
20%
Love That Man
20%
We Didn't Know
20%
You Light Up My Life
20%
I'm Knockin
18%
Little Drummer Boy
18%
Nothin' But Love
18%
Salute
18%
The Christmas Song (Chestnuts Roasting on an Open Fire)
18%
Who Would Imagine a King
18%
Who Would Imagine a King
18%
Anymore
16%
A Song for You
16%
I Got You
16%
I'll Be Home for Christmas
16%
Thinking About You
16%
Unashamed
16%
Who Do You Love
16%
After We Make Love
14%
I Go to the Rock
14%
I Love the Lord
14%
Tell Me No
14%
Call You Tonight
12%
For the Lovers
12%
Nobody Loves Me Like You Do
12%
O come, O come, Emmanuel
12%
You're Still My Man
12%
You Were Loved
12%
Dear John Letter
10%
Like I Never Left
10%
My Heart Is Calling
10%
You'll Never Stand Alone
10%
Oh Yes
8%
Someone for Me
8%
Take Good Care of My Heart
8%
Until You Come Back
8%
I Bow Out
6%
The Lord Is My Shepherd
6%
Worth It
6%
I Was Made to Love Him
4%
Things You Say
4%
He's All Over Me
2%
Hold On, Help Is on the Way
2%
Somebody Bigger Than You and I
2%

Score Distribution

Percentile by Number Answered

Percent of People with Each Score

Your Score History

You have not taken this quiz